Central Library OPAC University of Rajshahi

Emily Dickinson's poetry : (Record no. 212)

MARC details
000 -LEADER
fixed length control field 00728nam a2200229 a 4500
001 - CONTROL NUMBER
control field 212
003 - CONTROL NUMBER IDENTIFIER
rucl marc code BD-RjUL
005 - DATE AND TIME OF LATEST TRANSACTION
control field 20211208233130.0
008 - FIXED-LENGTH DATA ELEMENTS--GENERAL INFORMATION
fixed length control field 131113t19631960enk b 001 0 eng d
035 ## - SYSTEM CONTROL NUMBER
System control number (BD-RjUL) 226
040 ## - CATALOGING SOURCE
Original cataloging agency YAH
Transcribing agency BD-RjUL
Modifying agency m.c
Language of cataloging eng
041 ## - LANGUAGE CODE
Language code of text/sound track or separate title eng
082 00 - DEWEY DECIMAL CLASSIFICATION NUMBER
Edition number 16
Classification number 811.4
Author mark and year ANE 1960
100 1# - MAIN ENTRY--PERSONAL NAME
Personal name Anderson, Charles Roberts,
Dates associated with a name 1902-1999
9 (RLIN) 641
245 10 - TITLE STATEMENT
Title Emily Dickinson's poetry :
Remainder of title stairway of surprise /
Statement of responsibility, etc. by Charles R. Anderson
260 ## - PUBLICATION, DISTRIBUTION, ETC. (IMPRINT)
Place of publication, distribution, etc. New york :
Name of publisher, distributor, etc. Holt, Rinehart and Winston,
Date of publication, distribution, etc. c1960
300 ## - PHYSICAL DESCRIPTION
Pagination xviii, 334 p. ;
Size 22 cm
500 ## - GENERAL NOTE
General note Bibliographical references
526 ## - STUDY PROGRAM INFORMATION NOTE
Program name Dept. of English Literature
Requested Dept. Dept. of English Literature
650 ## - SUBJECT ADDED ENTRY--TOPICAL TERM
Topical term or geographic name as entry element Women and literature
9 (RLIN) 744
942 ## - ADDED ENTRY ELEMENTS (KOHA)
Source of classification or shelving scheme Dewey Decimal Classification
Koha item type Books
Holdings
Lost status Source of classification or shelving scheme Damaged status Not for loan Collection code Permanent Location Current Location Shelving location Date acquired Total Checkouts Full call number Date last seen Copy number Koha item type
  Dewey Decimal Classification   Not For Loan Non-fiction Central Library, University of Rajshahi Central Library, University of Rajshahi Reading Room 13/11/2013   811.4 ANE 1960 13/11/2013 C-1 Books